Southville International School and Colleges
Your cart is empty.
  • Cart
  • Lists
    Public lists Eva Luna New books Lux_list list_1
    Your lists Log in to create your own lists
  • Log in to your account
  • Your cookies
  • Search history
Southville International School and Colleges
  • Advanced search
  • Recent comments
  • Most popular
  • Libraries

Log in to your account

Log in with GOOGLE


If you do not have an external account, but do have a local account, you can still log in:

  1. Home
  2. MARC view: Great works of Anton Chekhov
Normal view MARC view ISBD view

Great works of Anton Chekhov (Record no. 16781)

[ view plain ]
MARC details
000 -LEADER
fixed length control field 00503nam a22001937a 4500
003 - CONTROL NUMBER IDENTIFIER
control field WOrldcat
005 - DATE AND TIME OF LATEST TRANSACTION
control field 20260121155756.0
008 - FIXED-LENGTH DATA ELEMENTS--GENERAL INFORMATION
fixed length control field 130216t xxu||||| |||| 00| 0 eng d
020 ## - INTERNATIONAL STANDARD BOOK NUMBER
International Standard Book Number 8188697230
050 ## - LIBRARY OF CONGRESS CALL NUMBER
Classification number PG 3456
Item number .C514 2004
082 ## - DEWEY DECIMAL CLASSIFICATION NUMBER
Classification number M 891.723
Item number C41 2004
245 ## - TITLE STATEMENT
Title Great works of Anton Chekhov
Statement of responsibility, etc Chekhov, Anton
260 ## - PUBLICATION, DISTRIBUTION, ETC. (IMPRINT)
Place of publication, distribution, etc Shahdara :
Name of publisher, distributor, etc Black Rose Publications,
Date of publication, distribution, etc c19_.
300 ## - PHYSICAL DESCRIPTION
Extent 687 p.
Dimensions 22 cm.
526 ## - STUDY PROGRAM INFORMATION NOTE
Reading level 1210L-1700L
562 ## - COPY AND VERSION IDENTIFICATION NOTE
Number of copies 1
942 ## - ADDED ENTRY ELEMENTS (KOHA)
Source of classification or shelving scheme Library of Congress Classification
Koha item type Books
Holdings
Withdrawn status Lost status Source of classification or shelving scheme Damaged status Home library Current library Shelving location Date acquired Source of acquisition Total Checkouts Full call number Barcode Date last seen Copy number Price effective from Koha item type
    Library of Congress Classification   College Library College Library General Circulation Section 06/07/2013 Donation   PG 3456 .C514 2004 C5438 05/15/2018 1 06/07/2013 Books

Great works of Anton Chekhov

APA

(19). Great works of Anton Chekhov. Shahdara: Black Rose Publications.

Chicago

19. Great works of Anton Chekhov. Shahdara: Black Rose Publications.

Harvard

(19). Great works of Anton Chekhov. Shahdara: Black Rose Publications.

MLA

Great works of Anton Chekhov. Shahdara: Black Rose Publications. 19.

  • Place hold
  • Print
  • Cite
  • Add to your cart (remove)
  • Save record
    BIBTEX Dublin Core MARCXML MARC (non-Unicode/MARC-8) MARC (Unicode/UTF-8) MARC (Unicode/UTF-8, Standard) MODS (XML) RIS
  • More searches
    Search for this title in:
    Other Libraries (WorldCat) Other Databases (Google Scholar) Online Stores (Bookfinder.com) Open Library (openlibrary.org)

Exporting to Dublin Core...

SOUTHVILLE LIBRARY

Southville International School and Colleges Library

1281 Tropical Ave. Cor. Luxembourg St., BF Homes International, Las Pinas City

Tel. No. 8256374 / 252358 Loc. 117/146

Powered by Koha